Les boissons en italien - Statistiques

Statistiques générales
  • Ce quiz a été pris 48 fois
  • Le résultat moyen est 7 sur 16
Statistiques - réponses
Hint Réponse % Correct
Café Caffè
97%
Thé
73%
Vin rouge Vino rosso
70%
Eau Acqua
63%
Café au lait Caffè latte
63%
Vin blanc Vino bianco
57%
Bière Birra
50%
Eau pétillante Acqua frizzante
40%
Apéritif Aperitivo
37%
Limonade Limonata
30%
Thé glacé Tè freddo
30%
Chocolat chaud Cioccolata Calda
17%
Jus de fruit Succo di frutta
17%
Soda Bibita
13%
Vin mousseux Spumante
13%
Bière pression Birra alla spina
10%
Aucun quiz correspondant
Distribution des résultats
% des personnes avec chaque résultat
Percentile par nombre de réponses
Votre historique - résultats
Vous n’avez pas pris ce quiz